000 00471nam a2200181 4500
001 19474
005 20230404125949.0
008 060907n2003 dr spa
020 _a9500263718
035 _9funglode19625
041 _aES
050 1 4 _a103 F 2538.5 P223l 2003
100 _aParanĂ¡, Denise
245 1 _aLula, el hijo de Brasil /
_cDenise ParanĂ¡
260 _aBuenos Aires :
_bEditorial El Ateneo,
_c2003
300 _a464 p.
942 _2lcc
_cbk
999 _c8210
_d8210